000 00820nam a2200229Ia 4500
003 GCL
008 140319s9999 xx 000 0 ara d
020 _a9187710977
040 _aGCL /
_cGCL
082 0 4 _a628.4458
_bم م
100 1 _aمحمد نجيب ابراهيم ابو سعدة
245 1 0 _aالمخلفات الصلبة وامكانات تدويرها بيولوجيا /
_cمحمد نجيب ابراهيم ابو سعدة
250 _aالاولى
260 _aالقاهرة :
_bدار الفكر العربى ،
_c2005
300 _a180 ص ؛
_c24 سم
650 0 4 _aتلوث البيئة
650 0 4 _aحماية البيئة
650 0 4 _aالمخلفات الصناعية
650 0 4 _aالمخلفات - اعادة تدوير
650 0 4 _aالمخلفات الصلبة
942 _2ddc
_cBK
999 _c50831
_d50831